| 000 | 01211 a2200325 4500 | ||
|---|---|---|---|
| 001 | 200130969 | ||
| 650 | 0 |
_93039 _aBusiness ethics |
|
| 650 | 0 |
_911551 _aİş ahlakı |
|
| 999 |
_c200130969 _d30599 |
||
| 003 | TR-AnTOB | ||
| 005 | 20251014073924.0 | ||
| 008 | 131205s2013 nyu 001 0 | ||
| 020 | _z9780393062885 | ||
| 040 |
_aDLC _beng _cDLC _dDLC _dTR-AnTOB |
||
| 041 | _aeng | ||
| 050 | 0 | 0 |
_aHF5387 _b.R84 2013 |
| 090 | _aHF5387 .R84 2013 | ||
| 100 | 1 |
_aRuggie, John Gerard, _d1944- _936808 |
|
| 245 | 1 | 0 |
_aJust business : _bmultinational corporations and human rights / _cJohn Gerard Ruggie. |
| 264 | 1 |
_aNew York : _bW. W. Norton & Company, _c[2013] |
|
| 300 |
_al, 251 pages ; _c22 cm. |
||
| 490 | 0 | _aAmnesty international global ethics series | |
| 504 | _aIncludes bibliographical references (pages [203]-225) and index. | ||
| 505 | 0 | _aThe challenge -- No silver bullet -- Protect, respect and remedy -- Strategic paths -- Next steps. | |
| 650 | 7 |
_aUluslararası ticari teşebbüsler _xAhlaki yönleri _2etuturkob _994497 |
|
| 650 | 0 |
_aInternational business enterprises _xMoral and ethical aspects _994498 |
|
| 650 | 0 |
_aHuman rights _98986 |
|
| 650 | 7 |
_aİnsan hakları _2etuturkob _911238 |
|
| 942 | _cBK | ||